Countries With the Lowest GDP - Statistics

General Stats
  • This quiz has been taken 35 times
  • The average score is 14 of 20
Answer Stats
Hint Answer % Correct
1,633 Solomon Islands
90%
68 Tuvalu
86%
460 Micronesia
83%
176 Nauru
83%
289 Kiribati
79%
270 Marshall Islands
79%
282 Palau
79%
684 São Tomé and Príncipe
79%
508 Tonga
76%
1,032 Samoa
72%
2,141 Seychelles
72%
1,448 Comoros
69%
1,506 Grenada
69%
1,119 Vanuatu
69%
1,091 Saint Vincent and the Grenadines
66%
651 Dominica
59%
1,987 San Marino
59%
2,033 Antigua and Barbuda
55%
2,080 Timor-Leste
52%
2,275 Eritrea
31%
No matching quizzes found
Score Distribution
Percent of People with Each Score
Percentile by Number Answered
Your Score History
You have not taken this quiz